Normal view MARC view

Entry Nombre personal

Number of records used in: 3

001 - NÚMERO DE CONTROL

  • campo de control: 143824

003 - IDENTIFICADOR DE NÚMERO DE CONTROL

  • campo de control: OSt

005 - FECHA Y HORA DE LA ÚLTIMA TRANSACCIÓN

  • campo de control: 20240513122306.0

008 - ELEMENTOS DE DATO DE LONGITUD-FIJA

  • campo de control de longitud fija: 101103 b azzaaaaaa a aaa d

024 7# - IDENTIFICADOR DE OTROS ESTÁNDARES

  • Fuente: VIAF, 13-5-2024
  • Número estándar o código: http://viaf.org/viaf/35630566

040 ## - FUENTE DE CATALOGACIÓN

  • Centro catalogador/agencia de origen: OSt
  • Centro/agencia transcriptor: OSt

100 1# - ENCABEZAMIENTO-NOMBRE DE PERSONA

  • Nombre de persona: Ávila, Pablo Luis,
  • Fechas asociadas al nombre: 1932-